D. Bernoulli - J. M. Keynes: Myšlienky behaviorálnej ekonómie
Implementácia psychológie do ekonomických vied. Historický vývoj : D. Bernoulli - nový prvok v teórii rozhodovania, pravdepodobnosť nastania konkrétneho javu. J. Neumann a O. Morgenstern - racionálne základy pre rozhodovanie v podmienkach neistoty a rizika. D. Kahneman a A. Tversky - teória vyhliado...
Na minha lista:
| Autor principal: | |
|---|---|
| Formato: | Capítulo de Livro |
| Idioma: | eslovaco |
| Assuntos: | |
| Tags: |
Sem tags, seja o primeiro a adicionar uma tag!
|
MARC
| LEADER | 00000nla$a2200000$$$4500 | ||
|---|---|---|---|
| 001 | 0069614 | ||
| 005 | 20240611075912.3 | ||
| 041 | 0 | |a slo | |
| 044 | |a SK | ||
| 245 | 1 | 0 | |a D. Bernoulli - J. M. Keynes: Myšlienky behaviorálnej ekonómie |c Michal Šinský |
| 520 | |a Implementácia psychológie do ekonomických vied. Historický vývoj : D. Bernoulli - nový prvok v teórii rozhodovania, pravdepodobnosť nastania konkrétneho javu. J. Neumann a O. Morgenstern - racionálne základy pre rozhodovanie v podmienkach neistoty a rizika. D. Kahneman a A. Tversky - teória vyhliadok. Pôsobenie neoklasickej školy. Veľká hospodárska kríza USA a pôsobenie J. M. Keynesa - opodstatnenosť štátnych zásahov do ekonomiky, efekt nasledovania davu. | ||
| 610 | 2 | 0 | |a ekonómia |
| 610 | 2 | 0 | |a teórie ekonomické |
| 610 | 2 | 0 | |a neoklasicizmus |
| 610 | 2 | 0 | |a behaviorizmus |
| 610 | 2 | 0 | |a psychológia |
| 610 | 2 | 0 | |a dejiny teórií ekonomických |
| 100 | 1 | |a Šinský, Michal | |